[Event "POR-chT"]
[Site "Penafiel"]
[Date "2020.08.25"]
[Round "6.3"]
[White "Medarde Santiago, Luis Marcos"]
[Black "Moreira, Jose Americo Paiva"]
[Result "1-0"]
[WhiteElo "2320"]
[BlackElo "1817"]
[PlyCount "61"]
[EventDate "2020.08.22"]
[EventType "team-tourn"]
[EventRounds "9"]
[EventCountry "POR"]
[SourceTitle "CBM 198 Extra"]
[Source "ChessBase"]
[SourceDate "2020.11.30"]
[SourceVersion "1"]
[SourceVersionDate "2020.11.30"]
[SourceQuality "1"]
[WhiteTeam "Profi Gaia/Escola Profiss"]
[BlackTeam "Porto A Gx"]
[WhiteTeamCountry "POR"]
[BlackTeamCountry "POR"]

1. e4 c5 2. Nf3 d6 3. d4 cxd4 4. Nxd4 Nf6 5. Nc3 g6 6. Be3 Bg7 7. f3 Nc6 8. Qd2 Bd7 9. 0-0-0 Rc8 10. g4 Ne5 11. Be2 Nc4 12. Bxc4 Rxc4 13. Kb1 Qc8 14. h4 h5 15. g5 Nh7 16. Nde2 Nf8 17. Bxa7 Be6 18. Bd4 Bxd4 19. Nxd4 Nd7 20. Rhe1 0-0 21. Nd5 Re8 22. f4 Bg4 23. Rc1 e5 24. Nb5 Qc5 25. Nbc3 Ra8 26. Qe3 Qa5 27. a3 b5 28. f5 gxf5 29. exf5 Kg7 30. f6+ Kh8 31. g6 1-0

[Event "POR-chT"]
[Site "Penafiel"]
[Date "2020.08.25"]
[Round "5.3"]
[White "Moreira, Jose Americo Paiva"]
[Black "Eggert, Alberto"]
[Result "0-1"]
[WhiteElo "1817"]
[BlackElo "2102"]
[PlyCount "74"]
[EventDate "2020.08.22"]
[EventType "team-tourn"]
[EventRounds "9"]
[EventCountry "POR"]
[SourceTitle "CBM 198 Extra"]
[Source "ChessBase"]
[SourceDate "2020.11.30"]
[SourceVersion "1"]
[SourceVersionDate "2020.11.30"]
[SourceQuality "1"]
[WhiteTeam "Porto A Gx"]
[BlackTeam "Amadora"]
[WhiteTeamCountry "POR"]
[BlackTeamCountry "POR"]

1. Nf3 d5 2. d4 Nf6 3. Bf4 c5 4. e3 Nc6 5. c3 e6 6. Bd3 Bd6 7. Bg3 Ne4 8. Nbd2 Bxg3 9. hxg3 f5 10. Nh4 0-0 11. Nhf3 Qf6 12. Ng1 e5 13. dxc5 Nxc5 14. Bc2 d4 15. exd4 exd4 16. Nb3 d3 17. Bxd3 Nxd3+ 18. Qxd3 Rd8 19. Qc4+ Be6 20. Qh4 Qe5+ 21. Ne2 h6 22. Qf4 Qb5 23. Ned4 Nxd4 24. Nxd4 Qc4 25. Kd2 b5 26. b3 Qc5 27. Rhe1 b4 28. Qe3 Bf7 29. Rad1 bxc3+ 30. Kc2 Qa3 31. Kd3 Qa6+ 32. Kxc3 Qxa2 33. Ra1 Rac8+ 34. Kb4 Rc4+ 35. bxc4 Qxc4+ 36. Ka3 Rxd4 37. Red1 Qb4# 0-1

[Event "POR CupT 1/8f-1/4f"]
[Site "Madeira, Torres Novas"]
[Date "2015.05.23"]
[Round "3.2"]
[White "Moreira, Jose Americo Paiva"]
[Black "Ferreira, Jorge Viterbo"]
[Result "0-1"]
[WhiteElo "1845"]
[BlackElo "2427"]
[PlyCount "60"]
[EventDate "2015.05.23"]
[EventType "team-k.o."]
[EventRounds "6"]
[EventCountry "POR"]
[SourceTitle "EXT 2018"]
[Source "ChessBase"]
[SourceDate "2017.10.13"]
[SourceVersion "1"]
[SourceVersionDate "2017.10.13"]
[SourceQuality "1"]
[WhiteTeam "Porto GX II"]
[BlackTeam "Dias Ferreira"]
[WhiteTeamCountry "POR"]
[BlackTeamCountry "POR"]

1. e4 g6 2. d4 Bg7 3. Nc3 d6 4. Be3 a6 5. Bc4 b5 6. Bb3 Bb7 7. f3 Nd7 8. Qd2 Rc8 9. a4 b4 10. Nce2 c5 11. Nh3 Ngf6 12. c3 cxd4 13. cxd4 a5 14. Bxf7+ Kxf7 15. Ng5+ Kg8 16. Ne6 Qe8 17. 0-0 Nf8 18. N2f4 Nxe6 19. Nxe6 h6 20. h4 Bc6 21. Rfc1 Bd7 22. Nf4 g5 23. Nh3 Bxh3 24. gxh3 Kh7 25. Qd3 Qg6 26. Kh2 d5 27. Rxc8 Rxc8 28. Qe2 dxe4 29. f4 gxf4 30. Bxf4 e3 0-1

[Event "BI-2014-P-0006"]
[Site "LSS email"]
[Date "2014.04.19"]
[Round "?"]
[White "Potapov, Evgeniy M"]
[Black "Moreira, Jose Americo Paiva"]
[Result "1-0"]
[WhiteElo "1550"]
[BlackElo "1562"]
[PlyCount "31"]
[EventDate "2014.04.25"]
[EventType "tourn (corr)"]
[EventRounds "10"]
[EventCountry "GER"]
[SourceTitle "Corr 2015"]
[Source "ChessBase"]
[SourceDate "2015.07.17"]
[SourceVersion "1"]
[SourceVersionDate "2015.07.17"]
[SourceQuality "1"]

1. e4 c5 2. Nf3 d6 3. d4 cxd4 4. Nxd4 Nf6 5. Nc3 a6 6. Bg5 e6 7. f4 Qb6 8. Nb3 Nbd7 9. Qf3 Qc7 10. 0-0-0 Be7 11. Bd3 b5 12. a3 h6 13. Bh4 0-0 14. g4 Bb7 15. Kb1 d5 16. g5 1-0

[Event "RB-2013-0-00229"]
[Site "LSS email"]
[Date "2013.12.02"]
[Round "?"]
[White "Moreira, Jose Americo Paiva"]
[Black "Willmann, Bernd"]
[Result "1/2-1/2"]
[WhiteElo "1929"]
[BlackElo "2053"]
[PlyCount "88"]
[EventDate "2013.11.01"]
[EventType "tourn (corr)"]
[EventRounds "6"]
[EventCountry "GER"]
[SourceTitle "Telechess CBM 167"]
[Source "ChessBase"]
[SourceDate "2015.07.13"]
[SourceVersion "1"]
[SourceVersionDate "2015.07.13"]
[SourceQuality "1"]

1. e4 e5 2. Nf3 Nc6 3. Bb5 a6 4. Ba4 Nf6 5. 0-0 Be7 6. Nc3 d6 7. Bxc6+ bxc6 8. d4 exd4 9. Nxd4 Bd7 10. h3 0-0 11. Re1 Re8 12. Nf3 h6 13. b3 Nh7 14. e5 dxe5 15. Rxe5 Be6 16. Qxd8 Raxd8 17. Bb2 Ng5 18. Nxg5 Bxg5 19. Rae1 Bd2 20. R1e2 Bf4 21. Ra5 Bc8 22. Rxe8+ Rxe8 23. Kf1 Bd2 24. f3 Re1+ 25. Kf2 Re8 26. Ra4 f5 27. Nb1 Be3+ 28. Kf1 Bb6 29. Bc3 Rd8 30. Na3 Rd1+ 31. Be1 Kf7 32. Ke2 Rc1 33. h4 Ke6 34. Nc4 Bd4 35. Ra5 c5 36. Kd2 Rxe1 37. Kxe1 Bc3+ 38. Ke2 Bxa5 39. Nxa5 f4 40. Kd3 Kd5 41. Nc4 g5 42. hxg5 hxg5 43. Nb2 Bd7 44. Nd1 Ke5 1/2-1/2

[Event "SB-2013-0-00340"]
[Site "LSS email"]
[Date "2013.11.24"]
[Round "?"]
[White "Moreira, Jose Americo Paiva"]
[Black "Lannoy, Jean Claude Albert"]
[Result "0-1"]
[WhiteElo "1561"]
[BlackElo "1826"]
[PlyCount "98"]
[EventDate "2013.11.05"]
[EventType "tourn (corr)"]
[EventRounds "6"]
[EventCountry "GER"]
[SourceTitle "Corr 2015"]
[Source "ChessBase"]
[SourceDate "2015.07.17"]
[SourceVersion "1"]
[SourceVersionDate "2015.07.17"]
[SourceQuality "1"]

1. e4 c5 2. Nf3 e6 3. d4 cxd4 4. Nxd4 Nf6 5. Nc3 Nc6 6. Be2 d6 7. 0-0 Be7 8. Nxc6 bxc6 9. Qd3 d5 10. Qg3 0-0 11. e5 Ne8 12. Bf4 f5 13. Rad1 Kh8 14. Na4 c5 15. Bd2 Bd7 16. Qa3 Qc7 17. Rfe1 Rb8 18. b3 g5 19. Nb2 Ng7 20. c4 d4 21. Nd3 a6 22. Rb1 f4 23. b4 Bc6 24. bxc5 Qa7 25. Qa5 Rbc8 26. Rb6 Bd8 27. Qb4 Bxb6 28. cxb6 Qf7 29. Bf1 Nf5 30. Qb3 h6 31. Bb4 Rg8 32. Ba3 Rg7 33. Bb2 a5 34. Rc1 Rd8 35. Qa3 Nh4 36. b7 Bxb7 37. Nc5 g4 38. Nxb7 Qxb7 39. c5 g3 40. hxg3 fxg3 41. fxg3 d3 42. gxh4 Rdg8 43. c6 Qb6+ 44. Rc5 d2 45. Qe3 Qxc5 46. Qxc5 d1Q 47. Qf2 Rxg2+ 48. Qxg2 Rxg2+ 49. Kxg2 Qc2+ 0-1

[Event "SB-2013-0-00331"]
[Site "LSS email"]
[Date "2013.10.01"]
[Round "?"]
[White "Moreira, Jose Americo Paiva"]
[Black "Bartsch, Christian"]
[Result "1-0"]
[WhiteElo "1561"]
[BlackElo "1766"]
[PlyCount "79"]
[EventDate "2013.09.14"]
[EventType "tourn (corr)"]
[EventRounds "6"]
[EventCountry "GER"]
[SourceTitle "Corr 2015"]
[Source "ChessBase"]
[SourceDate "2015.07.17"]
[SourceVersion "1"]
[SourceVersionDate "2015.07.17"]
[SourceQuality "1"]

1. e4 c5 2. Nf3 d6 3. d4 cxd4 4. Nxd4 Nf6 5. Nc3 a6 6. Be3 e5 7. Nb3 Be7 8. Qd3 0-0 9. Be2 Be6 10. 0-0 Nbd7 11. Nd5 Bxd5 12. exd5 Nc5 13. Nxc5 dxc5 14. Bf3 Qc7 15. c4 Bd6 16. g3 b5 17. b3 Rae8 18. Bg2 Qd7 19. Rac1 Rc8 20. Bg5 Ne8 21. Rfe1 Nc7 22. Bd2 b4 23. a3 a5 24. Ra1 f5 25. f3 Na6 26. Qb1 Ra8 27. axb4 Nxb4 28. Qd1 Qf7 29. Bc3 Qg6 30. Qd2 Rfe8 31. Bh3 f4 32. Be6+ Kh8 33. Re2 fxg3 34. hxg3 Qxg3+ 35. Rg2 Qh4 36. Re1 Re7 37. Re4 Qf6 38. Reg4 a4 39. f4 axb3 40. Rg6 1-0

[Event "RB-2013-0-00218"]
[Site "LSS email"]
[Date "2013.09.04"]
[Round "?"]
[White "Moreira, Jose Americo Paiva"]
[Black "De Waele, Willy"]
[Result "1/2-1/2"]
[WhiteElo "1921"]
[BlackElo "1983"]
[PlyCount "90"]
[EventDate "2013.07.24"]
[EventType "tourn (corr)"]
[EventRounds "6"]
[EventCountry "GER"]
[SourceTitle "Telechess CBM 163"]
[Source "ChessBase"]
[SourceDate "2014.11.11"]
[SourceVersion "2"]
[SourceVersionDate "2014.11.11"]
[SourceQuality "1"]

1. e4 c5 2. Nf3 d6 3. d4 cxd4 4. Nxd4 Nf6 5. Nc3 a6 6. Be3 e5 7. Nb3 Be6 8. Be2 Be7 9. Qd3 Nc6 10. a3 0-0 11. Nd5 Nd7 12. Qd2 Rc8 13. Rd1 h6 14. 0-0 Bg5 15. Bxg5 hxg5 16. Rfe1 Nf6 17. Bc4 Bxd5 18. Bxd5 Qb6 19. Qxg5 Ne7 20. Qc1 Nexd5 21. exd5 Rc4 22. Nd2 Rf4 23. Re2 Rc8 24. c4 Qc7 25. g3 Rd4 26. Qb1 g6 27. b3 b5 28. Re3 Qa5 29. Rd3 Rxd3 30. Qxd3 Qxa3 31. cxb5 axb5 32. Qxb5 Rc2 33. Nc4 Qa7 34. Qb6 Qxb6 35. Nxb6 Ne4 36. Rf1 Rb2 37. Nc8 Rxb3 38. Rc1 Rc3 39. Rxc3 Nxc3 40. Nxd6 Nxd5 41. f3 Kg7 42. Kf2 f5 43. h4 Kf6 44. g4 Ke7 45. Nc4 Kf6 1/2-1/2

[Event "RB-2013-0-00218"]
[Site "LSS email"]
[Date "2013.09.04"]
[Round "?"]
[White "Moreira, Jose Americo Paiva"]
[Black "Tylecek, Drahomir"]
[Result "0-1"]
[WhiteElo "1921"]
[BlackElo "1977"]
[PlyCount "96"]
[EventDate "2013.07.24"]
[EventType "tourn (corr)"]
[EventRounds "6"]
[EventCountry "GER"]
[SourceTitle "Telechess CBM 163"]
[Source "ChessBase"]
[SourceDate "2014.11.11"]
[SourceVersion "2"]
[SourceVersionDate "2014.11.11"]
[SourceQuality "1"]

1. e4 e5 2. Nf3 Nc6 3. Bb5 a6 4. Ba4 Nf6 5. 0-0 Be7 6. Re1 b5 7. Bb3 0-0 8. c3 d5 9. exd5 Nxd5 10. Nxe5 Nxe5 11. Rxe5 c6 12. d4 Bd6 13. Re1 Qh4 14. g3 Qh3 15. Re4 g5 16. Qe2 f5 17. Re8 f4 18. Rxf8+ Kxf8 19. Nd2 Bf5 20. Qf1 Qh5 21. Bd1 g4 22. Nb3 Re8 23. Bd2 Qg6 24. c4 Nf6 25. c5 Bc7 26. f3 fxg3 27. hxg3 Bxg3 28. Qg2 Bh4 29. fxg4 Nxg4 30. Bxg4 Bxg4 31. Rf1+ Kg7 32. Nc1 h5 33. Kh2 Bf6 34. Qg3 Bxd4 35. Bc3 Bxc3 36. Qxc3+ Kh7 37. a3 a5 38. Rf2 Re4 39. Qg3 Be6 40. Nd3 Qxg3+ 41. Kxg3 Re3+ 42. Rf3 h4+ 43. Kf4 Rxf3+ 44. Kxf3 Kg6 45. b4 a4 46. Kf4 Kf6 47. Ne5 Bd5 48. Ng4+ Ke6 0-1

[Event "SB-2013-0-00324"]
[Site "LSS email"]
[Date "2013.09.02"]
[Round "?"]
[White "Kiryushin, Anatoly"]
[Black "Moreira, Jose Americo Paiva"]
[Result "1-0"]
[WhiteElo "1870"]
[BlackElo "1561"]
[PlyCount "131"]
[EventDate "2013.08.02"]
[EventType "tourn (corr)"]
[EventRounds "6"]
[EventCountry "GER"]
[SourceTitle "Corr 2015"]
[Source "ChessBase"]
[SourceDate "2015.07.17"]
[SourceVersion "1"]
[SourceVersionDate "2015.07.17"]
[SourceQuality "1"]

1. c4 Nf6 2. d4 g6 3. f3 d5 4. cxd5 Nxd5 5. e4 Nb6 6. Nc3 Bg7 7. Be3 0-0 8. f4 c5 9. dxc5 Bxc3+ 10. bxc3 Qxd1+ 11. Rxd1 Na4 12. Rd4 Nxc3 13. a3 Nc6 14. Rc4 Nb5 15. a4 Na3 16. Rc3 Nb4 17. Nf3 Nac2+ 18. Kf2 a5 19. Bc4 Bd7 20. Bb3 Nxe3 21. Kxe3 Rfd8 22. Ne5 Be8 23. Nc4 Bc6 24. g4 Be8 25. Nb6 Rab8 26. h4 e6 27. h5 Kg7 28. g5 Bc6 29. h6+ Kf8 30. Rf1 Na6 31. Bd1 Nb4 32. Be2 Na2 33. Ra3 Nb4 34. Rc1 Ke7 35. Bb5 f5 36. gxf6+ Kxf6 37. Rb3 Na2 38. Rcb1 Nb4 39. Bxc6 bxc6 40. e5+ Kf7 41. Nc4 Nd5+ 42. Kf3 Rb4 43. Rxb4 axb4 44. Kg4 g5 45. Kxg5 Rg8+ 46. Kh4 Rg2 47. Nb6 Ne3 48. Rxb4 Nf5+ 49. Kh3 Ra2 50. Nc4 Kg6 51. a5 Ne7 52. Rb7 Nd5 53. Kg4 Kxh6 54. Rb3 Rc2 55. Nb6 Nc7 56. Nd7 Rh2 57. Rb7 Ne8 58. a6 Ng7 59. a7 Rg2+ 60. Kf3 Ra2 61. Nb8 Ra3+ 62. Kf2 Nh5 63. Nxc6 Nxf4 64. Nb4 Kg5 65. c6 Ng6 66. c7 1-0

[Event "SB-2013-0-00324"]
[Site "LSS email"]
[Date "2013.08.31"]
[Round "?"]
[White "Moreira, Jose Americo Paiva"]
[Black "Wilk, Zdenek"]
[Result "1/2-1/2"]
[WhiteElo "1561"]
[BlackElo "1836"]
[PlyCount "42"]
[EventDate "2013.08.02"]
[EventType "tourn (corr)"]
[EventRounds "6"]
[EventCountry "GER"]
[SourceTitle "Corr 2015"]
[Source "ChessBase"]
[SourceDate "2015.07.17"]
[SourceVersion "1"]
[SourceVersionDate "2015.07.17"]
[SourceQuality "1"]

1. e4 e5 2. Nf3 Nc6 3. Bb5 a6 4. Ba4 Nf6 5. 0-0 Be7 6. Re1 b5 7. Bb3 0-0 8. d3 d6 9. a3 Bg4 10. c3 Na5 11. Bc2 c5 12. h3 Be6 13. Be3 Qc7 14. b4 Nc6 15. d4 cxd4 16. cxd4 d5 17. Nbd2 Rac8 18. Rc1 exd4 19. Bxd4 dxe4 20. Nxe4 Rfd8 21. Bd3 Qd7 1/2-1/2

[Event "SB-2013-0-00323"]
[Site "LSS email"]
[Date "2013.08.29"]
[Round "?"]
[White "Habes, Jiri"]
[Black "Moreira, Jose Americo Paiva"]
[Result "1/2-1/2"]
[WhiteElo "1704"]
[BlackElo "1929"]
[PlyCount "71"]
[EventDate "2013.07.29"]
[EventType "tourn (corr)"]
[EventRounds "6"]
[EventCountry "GER"]
[SourceTitle "Telechess CBM 167"]
[Source "ChessBase"]
[SourceDate "2015.07.13"]
[SourceVersion "1"]
[SourceVersionDate "2015.07.13"]
[SourceQuality "1"]

1. e4 c5 2. Nf3 d6 3. d4 cxd4 4. Nxd4 Nf6 5. Nc3 a6 6. Be2 e5 7. Nb3 Be7 8. 0-0 Be6 9. Be3 0-0 10. Qd2 Nbd7 11. a4 Rc8 12. a5 Qc7 13. Rfd1 Rfd8 14. Qe1 h6 15. Rd2 Nc5 16. Nxc5 dxc5 17. Bf3 Rxd2 18. Bxd2 Qc6 19. Na4 Bd8 20. b3 c4 21. b4 Be7 22. Nb6 Rd8 23. Bc3 Qb5 24. h3 Bf8 25. Rc1 Be7 26. Rb1 Kh8 27. Ba1 Kg8 28. Qe3 Re8 29. Bc3 Nd7 30. Nxd7 Bxd7 31. Qc1 Bc6 32. Qb2 g6 33. Kh2 Bf8 34. Bd2 Rd8 35. Be3 h5 36. Qc3 1/2-1/2

[Event "SB-2013-0-00323"]
[Site "LSS email"]
[Date "2013.08.29"]
[Round "?"]
[White "Luers, Charles J"]
[Black "Moreira, Jose Americo Paiva"]
[Result "1/2-1/2"]
[WhiteElo "1879"]
[BlackElo "1929"]
[PlyCount "61"]
[EventDate "2013.07.29"]
[EventType "tourn (corr)"]
[EventRounds "6"]
[EventCountry "GER"]
[SourceTitle "Telechess CBM 167"]
[Source "ChessBase"]
[SourceDate "2015.07.13"]
[SourceVersion "1"]
[SourceVersionDate "2015.07.13"]
[SourceQuality "1"]

1. Nf3 Nf6 2. c4 c5 3. Nc3 Nc6 4. g3 g6 5. Bg2 Bg7 6. d4 cxd4 7. Nxd4 0-0 8. 0-0 Nxd4 9. Qxd4 d6 10. Qd3 Bf5 11. Qf3 Rb8 12. c5 d5 13. Nxd5 Nxd5 14. Qxd5 Qxd5 15. Bxd5 Rbc8 16. Be3 Bxb2 17. Rab1 Bxb1 18. Rxb1 Ba3 19. Bxb7 Rxc5 20. Bxc5 Bxc5 21. Rb5 Bb6 22. a4 Rd8 23. a5 Bc7 24. Bf3 Kf8 25. Rb7 Bxa5 26. Rxa7 Bb4 27. e3 Kg7 28. Rb7 Bd6 29. Kg2 Bc5 30. Rb5 Rc8 31. h4 1/2-1/2

[Event "SB-2013-0-00324"]
[Site "LSS email"]
[Date "2013.08.29"]
[Round "?"]
[White "Moreira, Jose Americo Paiva"]
[Black "Herzog, Klaus"]
[Result "1-0"]
[WhiteElo "1561"]
[BlackElo "1828"]
[PlyCount "89"]
[EventDate "2013.08.02"]
[EventType "tourn (corr)"]
[EventRounds "6"]
[EventCountry "GER"]
[SourceTitle "Corr 2015"]
[Source "ChessBase"]
[SourceDate "2015.07.17"]
[SourceVersion "1"]
[SourceVersionDate "2015.07.17"]
[SourceQuality "1"]

1. e4 e5 2. Nf3 Nc6 3. Bb5 a6 4. Ba4 Nf6 5. 0-0 Be7 6. Re1 b5 7. Bb3 0-0 8. c3 d5 9. exd5 Nxd5 10. Nxe5 Nxe5 11. Rxe5 c6 12. d4 Bd6 13. Re1 Qh4 14. g3 Qh3 15. Re4 g5 16. Qf1 Qh5 17. Nd2 Bf5 18. f3 Nf6 19. a4 Nxe4 20. Nxe4 Bxe4 21. fxe4 Kg7 22. e5 Be7 23. Qg2 b4 24. Bd2 Rab8 25. Rf1 Qg6 26. Bc1 bxc3 27. Bc2 Qe6 28. Qe4 Rh8 29. bxc3 h5 30. Qf3 h4 31. Bf5 Qc4 32. Bd3 Qa2 33. Rf2 Qb3 34. g4 h3 35. Be4 Rh4 36. Rb2 Rxg4+ 37. Qxg4 Qxc3 38. Rf2 Qxc1+ 39. Rf1 Qc4 40. Qf5 Kf8 41. d5 f6 42. d6 Bd8 43. e6 Qd4+ 44. Kh1 Qxd6 45. Qxh3 1-0

[Event "SB-2013-0-00323"]
[Site "LSS email"]
[Date "2013.08.29"]
[Round "?"]
[White "Nicolaescu, Nicolae"]
[Black "Moreira, Jose Americo Paiva"]
[Result "1/2-1/2"]
[WhiteElo "1837"]
[BlackElo "1929"]
[PlyCount "79"]
[EventDate "2013.07.29"]
[EventType "tourn (corr)"]
[EventRounds "6"]
[EventCountry "GER"]
[SourceTitle "Telechess CBM 167"]
[Source "ChessBase"]
[SourceDate "2015.07.13"]
[SourceVersion "1"]
[SourceVersionDate "2015.07.13"]
[SourceQuality "1"]

1. e4 c5 2. c3 d5 3. exd5 Qxd5 4. d4 Nf6 5. Nf3 Bg4 6. Be2 e6 7. 0-0 Nc6 8. Be3 Rd8 9. h3 cxd4 10. cxd4 Bxf3 11. Bxf3 Qd7 12. Qb3 Nxd4 13. Bxd4 Qxd4 14. Qxb7 Bd6 15. Rd1 Qb6 16. Nd2 Qxb7 17. Bxb7 h5 18. Nc4 Bc7 19. Rxd8+ Kxd8 20. Kf1 Ke7 21. Rd1 h4 22. Ke2 Nh5 23. Bc6 Nf4+ 24. Ke3 Rd8 25. Rxd8 Kxd8 26. b4 f5 27. Kd4 Ke7 28. Ne3 Kd6 29. Bb7 Bb6+ 30. Kc4 Kc7 31. Bf3 Ng6 32. Be2 Ne5+ 33. Kc3 Nd7 34. Nd1 Nf6 35. Kc4 Ne4 36. f3 Ng3 37. Nc3 Nh5 38. a4 Nf4 39. Bf1 Bf2 40. Nd1 1/2-1/2

[Event "OP-2013-0-02931"]
[Site "LSS email"]
[Date "2013.08.08"]
[Round "?"]
[White "Moreira, Jose Americo Paiva"]
[Black "Lenz, Juergen"]
[Result "1-0"]
[WhiteElo "1885"]
[BlackElo "1083"]
[PlyCount "53"]
[EventDate "2013.08.06"]
[EventType "tourn (corr)"]
[EventRounds "4"]
[EventCountry "GER"]
[SourceTitle "Telechess CBM 161"]
[Source "ChessBase"]
[SourceDate "2014.07.16"]
[SourceVersion "1"]
[SourceVersionDate "2014.07.16"]
[SourceQuality "1"]

1. e4 Nf6 2. e5 Nd5 3. c4 Nb6 4. d4 d6 5. Nf3 Bg4 6. exd6 exd6 7. Be3 Be7 8. h3 Bh5 9. Bd3 Bg6 10. Bxg6 hxg6 11. b3 Bf6 12. Nc3 Nc6 13. 0-0 0-0 14. Rc1 Re8 15. Re1 Qd7 16. Qd2 Qf5 17. Rcd1 Rad8 18. Nb5 Qc8 19. d5 Ne5 20. Nxe5 Bxe5 21. Nxa7 Qf5 22. Nb5 Re7 23. Nxc7 Nd7 24. f4 Bf6 25. Nb5 Nf8 26. Bb6 Rdd7 27. g4 1-0

[Event "OP-2013-0-02931"]
[Site "LSS email"]
[Date "2013.08.08"]
[Round "?"]
[White "Moreira, Jose Americo Paiva"]
[Black "Molina, Vicente Andres"]
[Result "1-0"]
[WhiteElo "1885"]
[BlackElo "773"]
[PlyCount "41"]
[EventDate "2013.08.06"]
[EventType "tourn (corr)"]
[EventRounds "4"]
[EventCountry "GER"]
[SourceTitle "Telechess CBM 161"]
[Source "ChessBase"]
[SourceDate "2014.07.16"]
[SourceVersion "1"]
[SourceVersionDate "2014.07.16"]
[SourceQuality "1"]

1. e4 d6 2. d4 g6 3. c4 Bg7 4. Nc3 Nd7 5. Nf3 e6 6. Be2 Ne7 7. h4 0-0 8. h5 f5 9. hxg6 hxg6 10. Ng5 Nf6 11. exf5 Nxf5 12. g4 Nh6 13. Qc2 Qe8 14. Nb5 Qc6 15. Bf3 d5 16. Qxg6 Qxc4 17. Be2 Qb4+ 18. Bd2 Qxb2 19. Bc3 Qxa1+ 20. Bxa1 Nhxg4 21. Rh7 1-0